Cities in Serbia - Sudden Death - Statistics

General Stats
  • This quiz has been taken 59 times
  • The average score is 12 of 16
Answers on the Grid
Answers color-coded by a green-red scale on the quiz's grid according to % correct below.
Banja Luka
Belgrade
Bitola
Čačak
Doboj
Dubrovnik
Kragujevac
Kraljevo
Kruševac
Kumanovo
Leskovac
Nikšić
Niš
Novi Pazar
Novi Sad
Osijek
Plovdiv
Podgorica
Rijeka
Šabac
Sarajevo
Shkodër
Sombor
Subotica
Szeged
Timișoara
Trebinje
Užice
Valjevo
Vranje
Zagreb
Zrenjanin
 
Answer Stats
Answer % Correct
Belgrade
100%
Kragujevac
77%
Niš
77%
Novi Sad
77%
Čačak
73%
Kruševac
73%
Šabac
73%
Zrenjanin
73%
Kraljevo
68%
Leskovac
68%
Novi Pazar
68%
Subotica
68%
Užice
68%
Vranje
68%
Sombor
64%
Valjevo
64%
No matching quizzes found
Score Distribution
Percent of People with Each Score
Percentile by Number Answered
Your Score History
You have not taken this quiz